| 000 | 01360nam a22003377a 4500 | ||
|---|---|---|---|
| 005 | 20240530110451.0 | ||
| 008 | 150511s2011 ua g b 000 0 ara d | ||
| 017 |
_a2011/19356 _bمصر . دار الكتب المصرية |
||
| 020 | _a9789774312370 | ||
| 040 | _aEG-CaGPL | ||
| 082 | 0 | 4 |
_221 _a323.6\ _bط م |
| 100 | 0 | _aطارق عبدالرؤوف عامر | |
| 245 | 1 | 2 |
_aالمواطنة و التربية الوطنية : _bاتجاهات عالمية و عربية / _cتاليف طارق عبدالرؤوف عامر |
| 250 | _aط1 | ||
| 260 |
_aالقاهرة : _bمؤسسة طيبة للنشر و التوزيع ، _c2012 . |
||
| 300 |
_a253 ص ؛ _c24 سم . |
||
| 504 | _aيشتمل على ارجاعات ببليوجرافية | ||
| 650 | 0 | 4 | _aالمواطنة |
| 650 | 0 | 4 | _aالحقوق السياسية |
| 650 | 0 | 4 | _aالتربية الوطنية |
| 650 | 0 | 4 |
_aالمواطنية _zانجلترا |
| 650 | 0 | 4 |
_aالمواطنية _zامريكا |
| 650 | 0 | 4 |
_aالمواطنية _zاليابان |
| 650 | 0 | 4 |
_aالمواطنية _zكوريا |
| 650 | 0 | 4 |
_aالمواطنية _zالصين |
| 650 | 0 | 4 |
_aالمواطنية _zالسعودية |
| 650 | 0 | 4 | _aمفهوم الديمقراطية |
| 650 | 0 | 4 |
_aمفهوم الديمقراطية _zحقوق الانسان |
| 942 |
_2ddc _cBK |
||
| 999 |
_c61251 _d61251 |
||